When Memories Snow Lyrics (Mitski) - Statistics

General Stats
  • This quiz has been taken 12 times
  • The average score is 71 of 74
Answer Stats
Answer % Correct
And
100%
And
100%
And
100%
Back
100%
Be
100%
Break
100%
Break
100%
Clap
100%
Clear
100%
Could
100%
Dark
100%
Dark
100%
Drain
100%
Driveway
100%
For
100%
Go
100%
Go
100%
Hands
100%
Head
100%
Hear
100%
I
100%
I
100%
I
100%
I
100%
I
100%
In
100%
In
100%
In
100%
In
100%
In
100%
Listenin
100%
Me
100%
Melt
100%
Memories
100%
Memories
100%
Memories
100%
My
100%
My
100%
On
100%
Path
100%
Pipe
100%
Room
100%
Shovel
100%
Snow
100%
Store
100%
That
100%
The
100%
The
100%
The
100%
The
100%
The
100%
The
100%
The
100%
The
100%
Them
100%
Those
100%
Thousand
100%
To
100%
To
100%
To
100%
When
100%
When
100%
All
88%
Cover
88%
If
88%
Through
88%
Up
88%
Writing
88%
As
75%
Awake
75%
Lie
75%
Drippin
63%
Speaches
63%
Downspout
50%
No matching quizzes found
Score Distribution
Percent of People with Each Score
Percentile by Number Answered
Your Score History
You have not taken this quiz